Пропуск в контексте
VuFind
Язык
English
Deutsch
Español
Français
Italiano
日本語
Nederlands
Português
Português (Brasil)
中文(简体)
中文(繁體)
Türkçe
עברית
Gaeilge
Cymraeg
Ελληνικά
Català
Euskara
Русский
Čeština
Suomi
Svenska
polski
Dansk
slovenščina
اللغة العربية
বাংলা
Galego
Tiếng Việt
Hrvatski
हिंदी
Все поля
Заглавие
Автор
Предмет
Шифр
ISBN/ISSN
Метка
Найти
Расширенный поиск
Поиск
Annual Report
Цитировать
Отправить на Email
Печать
Запись для экспорта
Экспорт в RefWorks
Экспорт в EndNoteWeb
Экспорт в EndNote
permanent_link
Загрузка...
Annual Report Scripps Institute of Ocea
Библиографические подробности
Язык:
English
Фонды
Описание
Схожие документы
Marc-запись
LEADER
00216nam a22000857a 4500
005
20151028162606.0
008
101203t xxu||||| |||| 00| 0 eng d
245
|a
Annual Report
|b
Scripps Institute of Ocea
942
|c
BK
|6
_
999
|c
82448
|d
82448
Схожие документы
Annual Report Scripps Institute of Oceanography
Annual Report Scripps Institute of Oceanography
Annual Report(S I O) Scripps Institute of Oceanography
ANNUAL REPORT, Scripps institution of Oceanography (University of California) 1985. /
Опубликовано: (1992)
Ocea
Загрузка...